00680nam a2200145Ia 4500008004100000100001300041245012000054245003500174260000900209300003000218440004000248650015500288999001900443952007200462171207s9999 xx 000 0 und d aWu, Feng aGlobal questioners: examining journalists’ aggressiveness at Chinese premiers’ press conferences (1993–2015)  cFeng Wu, Yang Cheng & Duo Chao c2017 apages 357-77, August 2017 aAsian Journa of Communicationv27:4 aGlobal journalism, journalism professionalism, journalists’ aggressiveness, politician–journalist relations, Chinese premiers’ press conferences c347569d347569 001040aCLbCLd2017-12-07l0r2017-12-07 00:00:00w2017-12-07ySE